<?xml version="1.0" encoding="UTF-8"?>
<record
    xmlns:xsi="http://www.w3.org/2001/XMLSchema-instance"
    xsi:schemaLocation="http://www.loc.gov/MARC21/slim http://www.loc.gov/standards/marcxml/schema/MARC21slim.xsd"
    xmlns="http://www.loc.gov/MARC21/slim">

  <leader>01847nam0a22003491  4500</leader>
  <controlfield tag="001">rc\2856002</controlfield>
  <controlfield tag="005">20250529205500.0</controlfield>
  <datafield tag="035" ind1=" " ind2=" ">
    <subfield code="a">(NLR Aleph) 007010595</subfield>
  </datafield>
  <datafield tag="090" ind1=" " ind2=" ">
    <subfield code="a">5810409</subfield>
    <subfield code="c">5810409</subfield>
  </datafield>
  <datafield tag="100" ind1=" " ind2=" ">
    <subfield code="a">20110707d1930    |||y0rusy50      ca</subfield>
  </datafield>
  <datafield tag="101" ind1="1" ind2=" ">
    <subfield code="a">rus</subfield>
    <subfield code="c">eng</subfield>
  </datafield>
  <datafield tag="102" ind1=" " ind2=" ">
    <subfield code="a">RU</subfield>
  </datafield>
  <datafield tag="105" ind1=" " ind2=" ">
    <subfield code="a">a   z   |||||</subfield>
  </datafield>
  <datafield tag="200" ind1="1" ind2=" ">
    <subfield code="a">&#x41F;&#x43E;&#x445;&#x438;&#x449;&#x435;&#x43D;&#x43D;&#x44B;&#x439;</subfield>
    <subfield code="e">&#x420;&#x43E;&#x43C;&#x430;&#x43D;</subfield>
    <subfield code="a">&#x41A;&#x430;&#x442;&#x440;&#x438;&#x43E;&#x43D;&#x430;</subfield>
    <subfield code="e">(&#x41F;&#x440;&#x43E;&#x434;&#x43E;&#x43B;&#x436;&#x435;&#x43D;&#x438;&#x435; &#x440;&#x43E;&#x43C;&#x430;&#x43D;&#x430; "&#x41F;&#x43E;&#x445;&#x438;&#x449;&#x435;&#x43D;&#x43D;&#x44B;&#x439;")</subfield>
    <subfield code="e">&#x41E;&#x447;&#x435;&#x440;&#x43A; "&#x422;&#x432;&#x43E;&#x440;&#x447;&#x435;&#x441;&#x442;&#x432;&#x43E; &#x421;&#x442;&#x438;&#x432;&#x435;&#x43D;&#x441;&#x43E;&#x43D;&#x430;" &#x41D;. &#x415;. &#x41A;&#x430;&#x440;&#x430;&#x442;&#x44B;&#x433;&#x438;&#x43D;&#x43E;&#x439;</subfield>
    <subfield code="e">&#x421; 16 &#x440;&#x438;&#x441;. &#x413;. &#x412;&#x44D;&#x439;&#x441;&#x430;</subfield>
    <subfield code="f">&#x420;.&#x41B;. &#x421;&#x442;&#x438;&#x432;&#x435;&#x43D;&#x441;&#x43E;&#x43D;</subfield>
  </datafield>
  <datafield tag="210" ind1=" " ind2=" ">
    <subfield code="a">&#x41C;&#x43E;&#x441;&#x43A;&#x432;&#x430;</subfield>
    <subfield code="a">&#x41B;&#x435;&#x43D;&#x438;&#x43D;&#x433;&#x440;&#x430;&#x434;</subfield>
    <subfield code="c">&#x438;&#x437;&#x434;-&#x432;&#x43E; "&#x41C;&#x43E;&#x43B;&#x43E;&#x434;&#x430;&#x44F; &#x433;&#x432;&#x430;&#x440;&#x434;&#x438;&#x44F;"</subfield>
    <subfield code="d">1930</subfield>
    <subfield code="e">&#x41B;&#x435;&#x43D;&#x438;&#x43D;&#x433;&#x440;&#x430;&#x434;</subfield>
    <subfield code="g">&#x442;&#x438;&#x43F;. &#x438;&#x437;&#x434;-&#x432;&#x430; "&#x41C;&#x43E;&#x43B;&#x43E;&#x434;&#x430;&#x44F; &#x433;&#x432;&#x430;&#x440;&#x434;&#x438;&#x44F;"</subfield>
  </datafield>
  <datafield tag="215" ind1=" " ind2=" ">
    <subfield code="a">382, [2] &#x441;.</subfield>
    <subfield code="c">&#x438;&#x43B;.</subfield>
    <subfield code="d">23&#xD7;15 &#x441;&#x43C;</subfield>
  </datafield>
  <datafield tag="225" ind1="1" ind2=" ">
    <subfield code="a">&#x42E;&#x43D;&#x43E;&#x448;&#x435;&#x441;&#x43A;&#x430;&#x44F; &#x431;&#x438;&#x431;&#x43B;&#x438;&#x43E;&#x442;&#x435;&#x43A;&#x430; &#x438;&#x43D;&#x43E;&#x441;&#x442;&#x440;&#x430;&#x43D;&#x43D;&#x44B;&#x445; &#x43F;&#x438;&#x441;&#x430;&#x442;&#x435;&#x43B;&#x435;&#x439;</subfield>
    <subfield code="e">&#x41F;&#x43E;&#x434; &#x440;&#x435;&#x434;. &#x418;. &#x410;&#x43D;&#x438;&#x441;&#x438;&#x43C;&#x43E;&#x432;&#x430; &#x438; &#x421;. &#x414;&#x438;&#x43D;&#x430;&#x43C;&#x43E;&#x432;&#x430;</subfield>
  </datafield>
  <datafield tag="300" ind1=" " ind2=" ">
    <subfield code="a">&#x41D;&#x430; &#x43E;&#x431;&#x43E;&#x440;&#x43E;&#x442;&#x435; &#x442;&#x438;&#x442;. &#x43B;.: "Robert Louis Stevenson. (1850-1894). Kidnapped. 1887. Catriona. 1893"</subfield>
  </datafield>
  <datafield tag="300" ind1=" " ind2=" ">
    <subfield code="a">&#x417;&#x430;&#x441;&#x442;&#x430;&#x432;&#x43A;&#x438; &#x438; &#x43A;&#x43E;&#x43D;&#x446;&#x43E;&#x432;&#x43A;&#x438;: &#x421;.&#x411;. &#x42E;&#x434;&#x43E;&#x432;&#x438;&#x43D;</subfield>
  </datafield>
  <datafield tag="300" ind1=" " ind2=" ">
    <subfield code="a">&#x412; &#x43A;&#x430;&#x440;&#x442;&#x43E;&#x43D;&#x43D;&#x43E;&#x43C; &#x43F;&#x435;&#x440;&#x435;&#x43F;&#x43B;&#x435;&#x442;&#x435; &#x441; &#x43A;&#x43E;&#x43B;&#x435;&#x43D;&#x43A;&#x43E;&#x440;&#x43E;&#x432;&#x44B;&#x43C; &#x43A;&#x43E;&#x440;&#x435;&#x448;&#x43A;&#x43E;&#x43C;</subfield>
  </datafield>
  <datafield tag="300" ind1=" " ind2=" ">
    <subfield code="a">&#x41F;&#x435;&#x440;&#x435;&#x43F;&#x43B;&#x435;&#x442;: &#x412;. &#x41C;&#x438;&#x43B;&#x430;&#x448;&#x435;&#x432;&#x441;&#x43A;&#x438;&#x439;</subfield>
  </datafield>
  <datafield tag="464" ind1=" " ind2="0">
    <subfield code="1">2001#$a&#x422;&#x432;&#x43E;&#x440;&#x447;&#x435;&#x441;&#x442;&#x432;&#x43E; &#x421;&#x442;&#x438;&#x432;&#x435;&#x43D;&#x441;&#x43E;&#x43D;&#x430;</subfield>
    <subfield code="1">700#1$a&#x41A;&#x430;&#x440;&#x430;&#x442;&#x44B;&#x433;&#x438;&#x43D;&#x430;$b&#x41D;.&#x415;.$4070</subfield>
    <subfield code="t">&#x422;&#x432;&#x43E;&#x440;&#x447;&#x435;&#x441;&#x442;&#x432;&#x43E; &#x421;&#x442;&#x438;&#x432;&#x435;&#x43D;&#x441;&#x43E;&#x43D;&#x430;</subfield>
    <subfield code="a">&#x41A;&#x430;&#x440;&#x430;&#x442;&#x44B;&#x433;&#x438;&#x43D;&#x430;, &#x41D;.&#x415;.</subfield>
  </datafield>
  <datafield tag="700" ind1=" " ind2="1">
    <subfield code="a">&#x421;&#x442;&#x438;&#x432;&#x435;&#x43D;&#x441;&#x43E;&#x43D;</subfield>
    <subfield code="b">&#x420;.&#x41B;.</subfield>
    <subfield code="f">1850-1894</subfield>
    <subfield code="g">&#x420;&#x43E;&#x431;&#x435;&#x440;&#x442; &#x41B;&#x443;&#x438;</subfield>
  </datafield>
  <datafield tag="702" ind1=" " ind2="1">
    <subfield code="a">&#x41C;&#x43B;&#x435;&#x447;&#x438;&#x43D;</subfield>
    <subfield code="4">340</subfield>
  </datafield>
  <datafield tag="702" ind1=" " ind2="1">
    <subfield code="a">&#x412;&#x44D;&#x439;&#x441;</subfield>
    <subfield code="b">&#x413;.</subfield>
    <subfield code="4">440</subfield>
  </datafield>
  <datafield tag="702" ind1=" " ind2="1">
    <subfield code="a">&#x41C;&#x438;&#x43B;&#x430;&#x448;&#x435;&#x432;&#x441;&#x43A;&#x438;&#x439;</subfield>
    <subfield code="b">&#x412;.</subfield>
    <subfield code="4">570</subfield>
  </datafield>
  <datafield tag="702" ind1=" " ind2="1">
    <subfield code="a">&#x42E;&#x434;&#x43E;&#x432;&#x438;&#x43D;</subfield>
    <subfield code="b">&#x421;.&#x411;.</subfield>
    <subfield code="4">570</subfield>
  </datafield>
  <datafield tag="801" ind1=" " ind2="0">
    <subfield code="a">RU</subfield>
    <subfield code="b">NLR</subfield>
    <subfield code="g">psbo</subfield>
  </datafield>
  <datafield tag="801" ind1=" " ind2="1">
    <subfield code="a">RU</subfield>
    <subfield code="b">ELAR</subfield>
    <subfield code="2">rusmarc</subfield>
  </datafield>
  <datafield tag="852" ind1=" " ind2=" ">
    <subfield code="a">NLR</subfield>
    <subfield code="j">&#x414;&#x43B;02 &#x412;-5/48</subfield>
  </datafield>
  <datafield tag="942" ind1=" " ind2=" ">
    <subfield code="c">BOOK</subfield>
  </datafield>
  <datafield tag="980" ind1=" " ind2=" ">
    <subfield code="a">NB</subfield>
  </datafield>
  <datafield tag="995" ind1=" " ind2=" ">
    <subfield code="5">2013-10-26</subfield>
    <subfield code="b">NLR02</subfield>
    <subfield code="c">NLR02</subfield>
    <subfield code="e">RFS</subfield>
    <subfield code="f">7010595-10</subfield>
    <subfield code="k">&#x414;&#x43B;02 &#x412;-5/48</subfield>
    <subfield code="o">0</subfield>
    <subfield code="r">BOOK</subfield>
    <subfield code="s">02_548</subfield>
  </datafield>
</record>
